00428 a2200109 4500001001000000005001700010008004100027245014100068100002900209773006300238999001700301ART_3061320260410162002.0260409a 10aTendencias y recurrencias de larga duración en el número de leyes sancionadas en el Congreso de los E.E.U.U. de NA entre 1789 y 19881 aMallmann, Carlos Alberto0 tForo económicog- Año III, Nº 4 (mayo 1997)wREV30369 c31417d31417